|
|
|
|
| LEADER |
00951cam a2200265 a 4500 |
| 001 |
c000189323 |
| 003 |
CARM |
| 005 |
20051209113446.0 |
| 008 |
720216s1968 enkaf b 001 0 eng |
| 015 |
|
|
|a B70-08232
|
| 019 |
1 |
|
|a 230147
|5 LACONCORD2021
|
| 020 |
|
|
|a 0210225327
|
| 035 |
|
|
|a (OCoLC)262801
|5 LACONCORD2021
|
| 040 |
|
|
|a LC
|b eng
|c LC
|
| 050 |
0 |
0 |
|a TJ265
|b .J35 1968b
|
| 082 |
0 |
4 |
|a 536/.7
|
| 100 |
1 |
|
|a Jambulingam, A. P.,
|d 1921-
|
| 245 |
1 |
0 |
|a Thermodynamics /
|c [by] A. P. Jambulingam.
|
| 260 |
|
|
|a London :
|b Asia Publishing House,
|c c1968.
|
| 300 |
|
|
|a xii, 290 p., 2 fold. plates. :
|b ill. (1 col.) ;
|c 22 cm.
|
| 504 |
|
|
|a Includes bibliographical references and index.
|
| 650 |
|
0 |
|a Thermodynamics.
|
| 852 |
8 |
|
|b CARM
|h A2:AM31B0
|i B05846
|p 0265797
|f BK
|
| 999 |
f |
f |
|i 6b34d7b2-ec46-52e0-858c-92e4096d98c0
|s 30be6d9e-e419-5d9c-80a4-2f3e55b371c0
|
| 952 |
f |
f |
|p Can circulate
|a CAVAL
|b CAVAL
|c CAVAL
|d CARM 1 Store
|e B05846
|f A2:AM31B0
|h Other scheme
|i book
|m 0265797
|